00673nam a2200205 a 4500001000900000005001700009008004100026041000800067044000700075050002600082100001600108245014600124260004100270300002300311500001100334650003600345650003400381700002300415700002900438BRL_157120190320211252.0140314s19uu----it-o######---#000-0#ger-# ager ait 4aNA1121.R38b.R38 19501 aRandi, Aldo10aRavennas baudenkmälercAldo Randi ; übersetzung von Bernardo Bernardi ; überarbeitung des deutschen textes von Irmgard Schnellbächer. aRavennabLibreria Tarantolac[1950?] a50 p.bil.c17 cm. aAu183514aArquitecturazRávena (Italia)14aMonumentoszRávena (Italia)1 aBernardi, Bernardo1 aSchnellbächer, Irmgard